Πολιτεία : (ή περί δικαίου)

Αποθηκεύτηκε σε:
Λεπτομέρειες βιβλιογραφικής εγγραφής
Κύριος συγγραφέας: Πλάτων, 428 ή 7-348 ή 7 π.Χ
Μορφή: Βιβλίο
Γλώσσα:Greek
Ancient Greek
Δημοσίευση: Αθήνα : Κάκτος, 1992.
Σειρά:Έλληνες (Εκδόσεις Κάκτος) 66; 67; 68; 69; 70
Θέματα:
Ετικέτες: Προσθήκη ετικέτας
Δεν υπάρχουν, Καταχωρήστε ετικέτα πρώτοι!

MARC

LEADER 00000cam a2200000 i 4500
001 1/3590
008 000522s1992 gr ||| |||| | gre d
020 |a 9603520926   |q (τ. 1)  
020 |a 9603520934   |q (τ. 2)  
020 |a 9603521124   |q (τ. 3)  
020 |a 9603520950   |q (τ. 4)  
020 |a 9603520969   |q (τ. 5)  
035 |l 10060850 
040 |a GR-MY-UA  |b gre  |e aacr 
041 0 |a gre  |a grc 
082 0 |a 180.938 
100 0 |a Πλάτων,   |d 428 ή 7-348 ή 7 π.Χ. 
245 1 0 |a Πολιτεία :   |b (ή περί δικαίου) /   |c Πλάτων ; εισαγωγή-μετάφραση-σχόλια Φιλολογική Ομάδα Κάκτου.  
260 |a Αθήνα :   |b Κάκτος,   |c 1992.  
300 |a 5 τ. ;   |c 21 εκ.  
490 1 |a Οι Έλληνες   |v ; 66; 67; 68; 69; 70 
505 0 |a Τ. 1. Βιβλίο πρώτο-δεύτερο -- τ. 2. Βιβλίο τρίτο-τέταρτο -- τ. 3. Βιβλίο πέμπτο-έκτο --τ. 4. Βιβλίο έβδομο-όγδοο -- τ. 5. Βιβλία Θ-Ι.  
650 0 0 |a Philosophy, Ancient. 
830 0 |a Έλληνες (Εκδόσεις Κάκτος)  |v  66; 67; 68; 69; 70 
852 |a INST  |b LESVOS  |e 20000522  |h 180.938 ΠΛΑ  |p 005100026312  |q 005100026312  |t BK  |y 0  |z τ.1 
852 |a INST  |b LESVOS  |e 20000522  |h 180.938 ΠΛΑ  |p 005100026313  |q 005100026313  |t BK  |y 0  |z τ.2 
852 |a INST  |b LESVOS  |e 20000522  |h 180.938 ΠΛΑ  |p 005100026314  |q 005100026314  |t BK  |y 0  |z τ.3 
852 |a INST  |b LESVOS  |e 20000522  |h 180.938 ΠΛΑ  |p 005100026315  |q 005100026315  |t BK  |y 0  |z τ.4 
852 |a INST  |b LESVOS  |e 20000522  |h 180.938 ΠΛΑ  |p 005100026316  |q 005100026316  |t BK  |y 0  |z τ.5 
852 |a INST  |b LESVOS  |e 20000522  |h 180.938 ΠΛΑ  |p 005100026312  |q 005100026312  |t BK  |v τ.1:  |y 0  |z τ.1 
852 |a INST  |b LESVOS  |e 20000522  |h 180.938 ΠΛΑ  |p 005100026313  |q 005100026313  |t BK  |v τ.2:  |y 0  |z τ.2 
852 |a INST  |b LESVOS  |e 20000522  |h 180.938 ΠΛΑ  |p 005100026314  |q 005100026314  |t BK  |v τ.3:  |y 0  |z τ.3 
852 |a INST  |b LESVOS  |e 20000522  |h 180.938 ΠΛΑ  |p 005100026315  |q 005100026315  |t BK  |v τ.4:  |y 0  |z τ.4 
852 |a INST  |b LESVOS  |e 20000522  |h 180.938 ΠΛΑ  |p 005100026316  |q 005100026316  |t BK  |v τ.5:  |y 0  |z τ.5 
853 |a INST  |b LESVOS  |h 180.938 ΠΛΑ 
901 |a BIBL1-2000-1 
909 |a Λ  |b 072012 
909 |a Λ  |b 072013 
909 |a Λ  |b 072014 
909 |a Λ  |b 072015 
909 |a Λ  |b 072016 
922 |a 1ΕΛΗ  |b 199912  |c ΤΑΚ/ΚΥΒ  |d ΠΑΠΑΣΩΤΗΡΙΟΥ 
950 |a 023-1999-12-06 
970 |a ΤΖΑΦΕΡΗ  |b ΕΥΑΓΓΕΛΙΑ  |z 2000/05/21